000
00417nam a2200133Ia 4500
008
151001s9999||||xx |||||||||||||| ||und||
100
_a
गौरीलाल साह ठूलघरीया
245
_a
साह वंश का इतिहास
250
_a
1
260
_b
राजेंद्रलाल साह प्रकाशन
260
_c
2009
300
_a
158
365
_b
21
999
_c
995647
_d
995644